| 000 | 00447nam a2200169Ia 4500 | ||
|---|---|---|---|
| 008 | 230917s9999||||xx |||||||||||||| ||und|| | ||
| 020 | _cRS 469.00 | ||
| 040 |
_e5009020 _aMAIN |
||
| 041 | _aEnglish | ||
| 082 | _a006.31 S34M | ||
| 100 | _aSrinivasaraghavan, Anuradha | ||
| 245 | 0 | _aMachine learning | |
| 260 |
_aNew Delhi _bWiley India _c2020 |
||
| 300 | _axix, 308 p. | ||
| 500 | _a3958 03/01/2020 HBD20/8148 12/01/20 Main Budget | ||
| 942 | _cBK | ||
| 999 |
_c1344 _d1344 |
||